01059nam a22001457a 4500003000400000020001800004082001200022100002200034245002400056250000800080260002900088300000800117650003300125653075500158SGT  a9788131758915  a531,GOL  aGOLDSTEIN,HERBERT  aCLASSICAL MECHANICS  a3RD  aNEW DELHIbPEARSONc2016  a646  aCLASSICAL MECHANICS, PHYSICS  a1.	SURVEY OF THE ELEMENTARY PRINCIPLES 2.	VARIATIONAL PRINCIPLES AND LAGRANGE’S EQUATIONS 3.	THE CENTRAL FORCE PROBLEM 4.	THE KINEMATICS OF RIGID BODY MOTION 5.	THE RIGID BODY EQUATIONS OF MOTION 6.	OSCILLATIONS 7.	THE CLASSICAL MECHANICS OF THE SPECIAL THEORY OF RELATIVITY 8.	THE HAMILTON EQUATIONS OF MOTION 9.	CANONICAL TRANSFORMATIONS 10.	HAMILTON–JACOBI THEORY AND ACTION-ANGLE VARIABLES 11.	CLASSICAL CHAOS 12.	CANONICAL PERTURBATION THEORY 13.	INTRODUCTION TO THE LAGRANGIAN AND HAMILTONIAN FORMULATIONS FOR CONTINUOUS SYSTEMS AND FIELDS  APPENDIX A EULER ANGLES IN ALTERNATE CONVENTIONS AND CAYLEY–KLEIN PARAMETERS APPENDIX B GROUPS AND ALGEBRAS APPENDIX C SOLUTIONS TO SELECT EXERCISES SELECTED BIBLIOGRAPHY AUTHOR INDEX SUBJECT INDEX